000 01647cam a22004694i 4500
003 PE-LiUPU
005 20250731173452.0
008 150616s r 000 0 d
020 _a0801077486
035 _a(Sirsi) i9780801077487
040 _aPE-LiUPU
_bspa
_cPE-LiUPU
_erda
049 _aPRUA
082 0 4 _a222.11061
_bR84
_221
100 1 _aRoss, Allen P,
_eautor.
245 1 0 _aCreation and Blessing /
_cAllen P Ross.
264 1 _aMichigan :
_bBaker Book House,
_c1993.
300 _a744 páginas ;
_c23 centímetros
336 _atext
_2rdacontent
337 _aunmediated
_2rdamedia
338 _avolume
_2rdacarrier
505 0 _aThe study of genesis -- The primeval events -- The patriarchal narratives about Abraham -- The patriarchal narratives about the desccendants of Abraham -- The story of Joseph.
526 _aSEG42
526 _aSEG41
526 _aSEG40
526 _aSEG39
526 _aP94
526 _aP87
526 _aP86
526 _aP85
526 _aP77
526 _aP76
526 _aP35
630 _aBiblia.
_pA.T.
_PG énesis
_xCrítica, interpretación, etc.
650 0 4 _a
910 _ajck
_bjvq
_cjck
942 _2ddc
_cBOOK
949 _a222.11061 R84
_wDEWEY
_c1
_i39881
_lCCODEBUL1
_mBUL
_r0
_sY
_tBOOK
_u2015-6-16
_xTEOLOGIA
_zUNKNOWN
_0COMPRA
_o.STAFF. Colección General
994 _aC0
_bPEPRU
596 _a1
999 _a222.11061 R84
_wDEWEY
_c57653
_i39881
_d57653
_e2022-5-31
_f2021-11-9
_g6
_lCCODEBUL1
_mBUL
_n1
_q4
_r0
_sY
_tBOOK
_u2015-6-16
_xTEOLOGIA
_zUNKNOWN
_0COMPRA
_o.STAFF. Colección General
980 _81
_gALBERTO SANCHEZ Responsable de Automatización